Normal view MARC view
  • Orientación vocacional

Entry Materia

Number of records used in: 20

001 - NÚMERO DE CONTROL DEL REGISTRO

  • campo de control: 8082

003 - IDENTIFICADOR DE NUMERO DE CONTROL

  • campo de control: UPN

005 - FECHA Y HORA DE LA ÚLTIMA TRANSACCIÓN

  • campo de control: 20230419191245.0

008 - DATOS DE LONGITUD FIJA

  • campo de control de longitud fija: 230419dn fnannbabd n ana |d

035 ## - NÚMERO DE CONTROL DEL SISTEMA

  • Número de control del sistema: UPN10000008087

040 ## - FUENTE DE LA CATALOGACIÓN

  • Lengua de catalogación: spa
  • Centro catalogador de origen: MX-MxUPN

046 ## - FECHAS CON CODIFICACIÓN ESPECIAL

  • Fecha final para contenidos agregados: 2023

150 ## - ENCABEZAMIENTO - TEMÁTICO

  • Término de materia o nombre geográfico como elemento inicial: Orientación vocacional
  • Subdivisión geográfica: España

670 ## - FUENTE EN LA QUE SE LOCALIZARON DATOS

  • Cita de la fuente: E/P

681 ## - NOTA DE ENVÍO A EJEMPLOS DE ENCABEZAMIENTO TEMÁTICO

  • Texto explicativo: Nota bajo :
  • Encabezamiento: Orientación vocacional

902 ## - CATALOGADOR

  • Catalogador: CAA/100197